| 000 | 01440cam a2200409 a 4500 | ||
|---|---|---|---|
| 001 | 2956 | ||
| 003 | FISKH | ||
| 005 | 20241031161321.0 | ||
| 008 | 080919s2006 enka c 000 1 eng | ||
| 010 | _a 2008298959 | ||
| 015 |
_aGBA639187 _2bnb |
||
| 016 | 7 |
_a013443133 _2Uk |
|
| 020 | _a9781842555200 | ||
| 020 | _a9781842555637 | ||
| 020 | _a1842555200 | ||
| 035 | _a(OCoLC)ocm65767533 | ||
| 040 |
_aUKM _cUKM _dVP@ _dYDXCP _dINU _dOCLCG _dDLC _beng |
||
| 042 |
_alcac _alccopycat |
||
| 050 | 0 | 0 |
_aPZ7.S77435 _bWh 2006 |
| 082 | 0 | 0 |
_a[Fic] _222 |
| 100 | 1 |
_aSt. John, Lauren, _d1966- |
|
| 245 | 1 | 4 |
_aThe white giraffe / _cLauren St. John ; illustrated by David Dean. |
| 250 | _aThis edition published in 2016 | ||
| 260 |
_aLondon : _bOrion Children's Books, _c2006. |
||
| 300 |
_a184, 12 pages : _billustrations ; _c20 cm |
||
| 520 | _aAfter a fire kills her parents, eleven-year-old Martine must leave England to live with her grandmother on a wildlife game reserve in South Africa, where she befriends a mythical white giraffe. | ||
| 650 | 1 |
_aMythical animals _vFiction. |
|
| 650 | 1 |
_aGiraffes _vFiction. |
|
| 650 | 1 |
_aOrphans _vFiction. |
|
| 650 | 1 |
_aGame reserves _vFiction. |
|
| 650 | 1 |
_aWildlife conservation _vFiction. |
|
| 650 | 1 |
_aProphecies _vFiction. |
|
| 651 | 1 |
_aSouth Africa _vFiction. |
|
| 700 | 1 |
_aDean, David, _d1976- _eillustrator |
|
| 906 |
_a7 _bcbc _ccopycat _d2 _encip _f20 _gy-gencatlg |
||
| 942 |
_2ddc _cBK _n0 |
||
| 999 |
_c2956 _d2956 |
||